Responses for Show #6681 - Monday, October 7, 2013

Contestants

[<< previous game]

Mary Murrell, an anthropologist from Madison, Wisconsin

Marc Muneal, an assistant professor of English from Barnesville, Georgia

Cori Wilhelm, a college librarian from Parishville, New York (whose 1-day cash winnings total $18,001)

[next game >>]

Jeopardy! Round responses

AESOP'S FABLES
BAND/NAMES
TYPES OF RESTAURANTS
THE ONE & ONLY
WHAT THE...?!
A JOURNEY TO BAJA CALIFORNIA
    $200 16
Mouse

Cori
    $200 1
Crosby, Stills & Nash

Cori
    $200 6
(Mary: What is a mess?)

canteen

CoriMary
    $200 21
Great Pyramid

Marc
    $200 11
Hey

Cori
    $200 26
(Hernando) Cortes

Marc
    $400 17
Grasshopper

Marc
    $400 2
ABBA

Marc
    $400 7
(Cori: What is a trattoria?)

pizzeria

CoriMarc
    $400 22
Coast Guard

Marc
    $400 12
Devil

Mary
    $600 18
Sheep's Clothing

Cori
    $600 3
The Who

Cori
    $600 8
Chipotle

Mary
    $600 23
Capricorn

Mary
    $600 13
Dickens

Triple Stumper
    $800 19
Grapes

Cori
    $800 4
The Police

Mary
    $800 9
Diner

Mary
    $800 24
Battle of the Little Bighorn (Custer's Last Stand)

Triple Stumper
    $800 14
Heck

Marc
    $1,200 27
(Marc: What is uh, water?)

salts

Marc
    $1000 20
Mercury

Cori
    $1000 5
Motley Crue

Triple Stumper
    $1000 10
(Mary: What's an olive bar?)

oyster bar

Mary
Triple Stumper
    $1000 25
Roberto Clemente

Triple Stumper
    $1000 15
blazes

Marc
    $1000 28
[The end-of-round signal sounds.]

prickly pear

Mary

Scores at the first commercial break (after clue 14):

Cori Marc Mary
$800 $1,600 $1,400

Scores at the end of the Jeopardy! Round:

Cori Marc Mary
$3,400 $2,600 $3,000

Double Jeopardy! Round responses

INTERNATIONAL MEN OF MYSTERY
TRADEMARKS
THEY WERE IN CHARGE 30 YEARS AGO
ETYMOLOGY
NATIONAL MONUMENTS
LESS OF THE CELEB TO LOVE
    $400 17
(Cori: Who is...)
(Alex: Oh, drew a blank.)

(Jason) Bourne

CoriMary
    $400 2
Dumpster

Mary
    $400 23
Indira Gandhi

Marc
    $400 1
sesame

Cori
    $400 12
horse

Mary
    $400 11
Drew Carey

Cori
    $800 22
(Marc: What is Manhattan?)
(Mary: What is Hong Kong?)

Honolulu

CoriMarcMary
    $800 7
Skee-Ball

Cori
    $800 24
Mubarak

Mary
    $800 3
parliament

Marc
    $800 18
George Washington

Mary
    $800 13
Kirstie Alley

Marc
    $1200 8
bike

Marc
    $1200 25
(Marc: Who is, uh, Kim?)
(Alex: I need more than that.)
(Marc: Um... Who is...)
(Alex: No.)
...
(Cori: Who is Kim Jong-il?)

Kim Il-sung

CoriMarc
Triple Stumper
    $1200 4
lubber

Mary
    $1200 19
Oregon Trail

Cori
    $1200 14
Christian Bale

Cori
    $1600 26
(Mary: What is France?)

Belgium

MarcMary
    $600 9
The Greatest Show on Earth

Marc
    $1600 5
cymbal

Triple Stumper
    $1600 20
Buffalo Soldiers

Cori
    $1600 15
(Michael) Moore

Marc
    $2000 27
[The end-of-round signal sounds.]

Istanbul

Triple Stumper
    $2000 10
Pancake

Marc
    $2000 6
bing

Cori
    $2000 21
Apaches

Triple Stumper
    $2000 16
Chris Christie

Marc

Scores at the end of the Double Jeopardy! Round:

Cori Marc Mary
$10,200 $11,600 $4,600

[wagering suggestions for these scores]

Final Jeopardy! Round responses

TOYS
MaryWhat is a Nerf ball?
$2,500
CoriWhat is a NERF Gun?
$10,198
MarcWhat is a hackey sack
$10,000
NERF Ball

Final scores:

Cori Marc Mary
$2 $1,600 $7,100
3rd place: $1,000 2nd place: $2,000 New champion: $7,100

Game dynamics:

Coryat scores:

Cori Marc Mary
$10,200 $13,800 $4,600
16 R,
3 W
17 R
(including 1 DD),
3 W
(including 1 DD)
12 R,
4 W

Combined Coryat: $28,600

[game clues] [game scores] [suggest correction]

Game tape date: 2013-08-28
The J! Archive is created by fans, for fans. Scraping, republication, monetization, and malicious use prohibited; this site may use cookies and collect identifying information. See terms. The Jeopardy! game show and all elements thereof, including but not limited to copyright and trademark thereto, are the property of Jeopardy Productions, Inc. and are protected under law. This website is not affiliated with, sponsored by, or operated by Jeopardy Productions, Inc. Join the discussion at JBoard.tv.